|
|
|
|
| LEADER |
00000nam a22000005a 4500 |
| 001 |
3752 |
| 003 |
CL-ChBUA |
| 005 |
20120815102834.0 |
| 008 |
070301s1974 ag 000 0dspa |
| 020 |
|
|
|a 9501360784
|
| 040 |
|
|
|a CL-ChBUA
|c CL-ChBUA
|
| 082 |
0 |
0 |
|a 371.3
|
| 090 |
|
|
|c 3752
|d 3752
|
| 100 |
1 |
|
|a Mattos, Luis Alves de.
|
| 245 |
1 |
0 |
|a Compendio de didácta general
|
| 250 |
|
|
|a 2ª ed.
|
| 260 |
|
|
|b Kapelusz.
|c 1974.
|
| 300 |
|
|
|a 355 p.
|c 24 cm.
|
| 504 |
|
|
|a Bibl., índice.
|
| 650 |
|
4 |
|a PEDAGOGIA.
|
| 942 |
|
|
|c LIB
|
| 952 |
|
|
|0 0
|1 0
|4 0
|7 0
|9 5538
|a UNACH
|b UNACH
|c 300
|d 2007-03-05
|i 21.383.
|l 1
|m 1
|o 371.3 / M 444 1974.
|p 6537
|r 2016-04-22 00:00:00
|s 2016-04-08
|u 5538
|w 2012-08-08
|y LIB
|k 371.3 / M 444 1974.
|
| 999 |
|
|
|c 3752
|d 3752
|